000 00996cam a2200253 4500
001 M94639
008 090401t1998 xxu||||| |||| 00| 0 eng d
035 _a(Sirsi) u89262
041 _aeng
050 _a692.9
110 _aJoint Contracts Tribunal
_93664
245 _aDomestic sub-contract DOM/2 : articles of agreement : standard form of sub-contract for domestic sub-contractors to whom the contractor has sub-let all or any portion of the works under clause 18.2 of the JCT form With Contractors Design (1981)...
260 _aLondon
_bRIBA Publications
_c1998
300 _a18p. ; 30cm.
350 _a15
650 _aARTICLES OF AGREEMENT
650 _aBUILT ENVIRONMENT-BUILDING CONTRACT FORMS
650 _aDOM/2
650 _aDOMESTIC SUB-CONTRACTS
650 _aBUILT ENVIRONMENT-BUILDING CONTRACT FORMS-STANDARD FORMS OF BUILDING CONTRACT-JOINT CONTRACTS TRIBNUAL CONTRACTS
690 _aBUILT ENVIRONMENT-BUILDING CONTRACT FORMS
942 _n0
948 _c23/10/1998
999 _c97438
_d97438